000 01852cam a22004574i 4500
003 PE-LiUPU
005 20250731173341.0
008 150706s2004 sp r 000 0 spa d
020 _a8481696374
035 _a(Sirsi) i9788481696370
040 _aPE-LiUPU
_bspa
_cPE-LiUPU
_erda
049 _aPRUA
082 0 4 _a222.11092
_bK59
_221
100 1 _aSka, Jean-Louis,
_eautor.
245 1 0 _aAbrahán y sus huéspedes :
_bel patriarca y los creyentes en el Dios único /
_cJean-Louis Ska ; [traducción, Pedro Barrado Y Mª Pilar Salas].
264 1 _aEstella (Navarra) :
_bVerbo Divino,
_c2004.
300 _a167 páginas ;
_c21 centímetros
336 _atext
_2rdacontent
337 _aunmediated
_2rdamedia
338 _avolume
_2rdacarrier
505 0 _aAbrahán en el Génesis o la eterna juventud del padre de los creyente -- Abrahán en la tradición judía o el modelo de los creyentes -- Abrahán en el Corán o el prototipo del musulmán -- ¿El camino de lo imposible? -- El árbol y la tienda.
526 _aSEG42
526 _aSEG41
526 _aSEG40
526 _aSEG39
526 _aP94
526 _aP87
526 _aP86
526 _aP85
526 _aP77
526 _aP76
526 _aP35
541 _g007-0020316;
600 2 4 _aAbraham (Patriarca bíblico).
910 _agl
_bjv
_cng
_d20090910
942 _2ddc
_cBOOK
949 _a222.11092 K59
_wDEWEY
_c1
_i60312
_d2016-9-25
_e2016-9-22
_lCCODEBUL1
_mBUL
_n2
_p16.00
_r0
_sY
_tBOOK
_u2015-7-6
_xTEOLOGIA
_zUNKNOWN
_0COMPRA
_o.STAFF. Colección General
994 _aC0
_bPEPRU
596 _a1
999 _a222.11092 K59
_wDEWEY
_c49773
_i60312
_d49773
_e2016-9-22
_f2021-11-9
_g5
_lCCODEBUL1
_mBUL
_n2
_p16.00
_r0
_sY
_tBOOK
_u2015-7-6
_xTEOLOGIA
_zUNKNOWN
_0COMPRA
_o.STAFF. Colección Teología
980 _81
_gALBERTO SANCHEZ Responsable de Automatización